| 000 | 00848nam a22002417a 4500 | ||
|---|---|---|---|
| 003 | dpl | ||
| 005 | 20180910160758.0 | ||
| 008 | 180808b xxu||||| |||| 00| 0 eng d | ||
| 010 | _aB-031494 | ||
| 020 |
_a8170003032 _c500.00 |
||
| 035 | _ab-031494, B-031497 | ||
| 040 |
_aDPL _bEN _c0 |
||
| 082 |
_a028 _bVAS |
||
| 100 | _aVasanth ,N. | ||
| 245 |
_aSoftware packages for library autmation / _cby N.Vasanth [and] Mahesh v. Mudhol |
||
| 260 |
_aNew Delhi _bEss Ess Publication _c2000 |
||
| 270 |
_a4837/24 Ansari Road ,Darya Ganj _bNew Delhi _e110002 _l3274173 |
||
| 300 |
_a189p. _c18cm(pbk) |
||
| 500 | _aInclude Appendix | ||
| 700 | _aMudhol, Mahesh V. | ||
| 942 |
_2ddc _cEN _h028 _mVAS |
||
| 999 |
_c155640 _d155640 |
||